[Event "Rottach Egern Seniors Cup 12th"]
[Site "Rottach Egern"]
[Date "2024.04.10"]
[Round "5"]
[White "Buese, Ralf"]
[Black "Bausch, Jean"]
[Result "1/2-1/2"]
[WhiteElo "1905"]
[BlackElo "1782"]
[PlyCount "31"]
[EventDate "2024.04.06"]
[EventType "swiss"]
[EventRounds "9"]
[EventCountry "GER"]
[SourceTitle "CB16_2024"]
[SourceDate "2024.04.17"]
[SourceVersion "1"]
[SourceVersionDate "2024.04.17"]
[SourceQuality "1"]

1. d4 Nf6 2. Nf3 e6 3. g3 d5 4. Bg2 c5 5. 0-0 Nbd7 6. c4 cxd4 7. cxd5 Nxd5 8. Nxd4 Be7 9. e4 N5f6 10. Nc3 0-0 11. Qe2 e5 12. Nf5 Rb8 13. b3 Bb4 14. Bb2 Qa5 15. Na4 b5 16. a3 1/2-1/2

[Event "Staufer op 33rd"]
[Site "Schwaebisch Gmuend"]
[Date "2023.01.04"]
[Round "5"]
[White "Buese, Ralf"]
[Black "Toktomushev, Teimur"]
[Result "0-1"]
[WhiteElo "1868"]
[BlackElo "2255"]
[PlyCount "120"]
[EventDate "2023.01.02"]
[EventType "swiss"]
[EventRounds "9"]
[EventCountry "GER"]
[SourceTitle "CBM 212 Extra"]
[Source "ChessBase"]
[SourceDate "2023.03.31"]
[SourceVersion "1"]
[SourceVersionDate "2023.03.31"]
[SourceQuality "1"]

1. d4 Nf6 2. Nf3 d5 3. g3 Bf5 4. c4 c6 5. Qb3 Qb6 6. c5 Qxb3 7. axb3 Na6 8. Nc3 Nd7 9. Ra4 Bc2 10. Nd2 e5 11. e3 Nc7 12. Ra3 g6 13. b4 exd4 14. exd4 Bg7 15. Ne2 0-0-0 16. Rc3 Bf5 17. Nb3 Nb5 18. Be3 Be4 19. Rg1 Rhe8 20. Rc1 Bf3 21. Kd2 Re4 22. Nc3 Nxd4 23. Nxd4 Rxd4+ 24. Bxd4 Bxd4 25. Be2 Ne5 26. Rgf1 Bg2 27. Rg1 Bf3 28. Rgf1 a5 29. Bxf3 Nxf3+ 30. Kd3 axb4 31. Na4 Bf6 32. Rcd1 Nxh2 33. Rh1 Ng4 34. Rdf1 h5 35. f4 Re8 36. Re1 Nf2+ 37. Kc2 Rd8 38. Rhf1 Ne4 39. Rf3 Bd4 40. Rd3 Nxc5 41. Rxd4 Nxa4 42. Rxb4 Nc5 43. Re7 Rd7 44. Rxd7 Kxd7 45. Rd4 Ke6 46. b4 Ne4 47. Rd3 Kf5 48. Ra3 Kg4 49. Ra7 Kxg3 50. Rxb7 h4 51. Rxf7 h3 52. Rg7 h2 53. Rxg6+ Kxf4 54. Rh6 Kg3 55. Rg6+ Kf2 56. Rh6 Kg2 57. Rg6+ Ng3 58. Rh6 h1Q 59. Rxh1 Kxh1 60. Kc3 Nf5 0-1

[Event "Heusenstamm Schloss op"]
[Site "Heusenstamm"]
[Date "2022.11.20"]
[Round "6"]
[White "Wenzel, Calvin"]
[Black "Buese, Ralf"]
[Result "1-0"]
[WhiteElo "1984"]
[BlackElo "1870"]
[PlyCount "49"]
[EventDate "2022.11.17"]
[EventType "swiss"]
[EventRounds "7"]
[EventCountry "GER"]
[SourceTitle "CBM 212 Extra"]
[Source "ChessBase"]
[SourceDate "2023.03.31"]
[SourceVersion "1"]
[SourceVersionDate "2023.03.31"]
[SourceQuality "1"]

1. e4 e6 2. d4 d5 3. Nc3 Bb4 4. e5 c5 5. a3 Bxc3+ 6. bxc3 Qa5 7. Bd2 Qa4 8. Qg4 Kf8 9. Qd1 Nc6 10. Qb1 c4 11. Nh3 Nge7 12. Nf4 b5 13. Nh5 Bd7 14. g4 a5 15. Qc1 h6 16. Bh3 Ra7 17. 0-0 Rb7 18. f4 g6 19. Nf6 Bc8 20. f5 g5 21. fxe6 Bxe6 22. Bg2 Rb8 23. h4 Rd8 24. hxg5 h5 25. gxh5 1-0

[Event "Korbach op 9th"]
[Site "Korbach"]
[Date "2017.10.20"]
[Round "3"]
[White "Buese, Ralf"]
[Black "Powalla, Christian"]
[Result "1/2-1/2"]
[WhiteElo "1892"]
[BlackElo "1816"]
[PlyCount "33"]
[EventDate "2017.10.19"]
[EventType "swiss"]
[EventRounds "7"]
[EventCountry "GER"]
[SourceTitle "CBM 181 Extra"]
[Source "ChessBase"]
[SourceDate "2017.12.12"]
[SourceVersion "1"]
[SourceVersionDate "2017.12.12"]
[SourceQuality "1"]

1. d4 Nf6 2. Bf4 g6 3. e3 Bg7 4. Nf3 0-0 5. Be2 d6 6. h3 c5 7. c3 Nbd7 8. Nbd2 a6 9. a4 b6 10. 0-0 Bb7 11. Qb1 Qc7 12. Bh2 Rac8 13. Re1 Rfe8 14. e4 cxd4 15. cxd4 Qc2 16. Bd3 Qxb1 17. Raxb1 1/2-1/2

[Event "Wiesbaden op 29th"]
[Site "Wiesbaden"]
[Date "2017.08.27"]
[Round "7"]
[White "Buese, Ralf"]
[Black "Siegismund, Florian"]
[Result "1/2-1/2"]
[WhiteElo "1896"]
[BlackElo "1784"]
[PlyCount "35"]
[EventDate "2017.08.24"]
[EventType "swiss"]
[EventRounds "7"]
[EventCountry "GER"]
[SourceTitle "CBM 180 Extra"]
[Source "ChessBase"]
[SourceDate "2017.10.06"]
[SourceVersion "1"]
[SourceVersionDate "2017.10.06"]
[SourceQuality "1"]

1. d4 Nf6 2. Bf4 c5 3. e3 e6 4. c3 Nc6 5. Nd2 Be7 6. Bd3 b6 7. h3 Bb7 8. Ngf3 d6 9. 0-0 0-0 10. Qe2 Re8 11. Rfd1 cxd4 12. exd4 Qc7 13. Bh2 Bf8 14. Re1 Qd7 15. Rad1 Rad8 16. Bb5 Qc8 17. a4 Nd5 18. Qf1 1/2-1/2

[Event "Wiesbaden op 29th"]
[Site "Wiesbaden"]
[Date "2017.08.27"]
[Round "6"]
[White "Stieg, Bastian"]
[Black "Buese, Ralf"]
[Result "1/2-1/2"]
[WhiteElo "1730"]
[BlackElo "1896"]
[PlyCount "36"]
[EventDate "2017.08.24"]
[EventType "swiss"]
[EventRounds "7"]
[EventCountry "GER"]
[SourceTitle "CBM 180 Extra"]
[Source "ChessBase"]
[SourceDate "2017.10.06"]
[SourceVersion "1"]
[SourceVersionDate "2017.10.06"]
[SourceQuality "1"]

1. c4 e6 2. g3 f5 3. Bg2 Nf6 4. Nc3 d5 5. cxd5 exd5 6. d4 c6 7. Bg5 Be7 8. Bxf6 Bxf6 9. e3 0-0 10. Nge2 Be7 11. Nf4 Bd6 12. Nd3 Nd7 13. 0-0 Nf6 14. Rc1 Qe7 15. a3 Ne4 16. Na4 Bd7 17. Nac5 Be8 18. Re1 g5 1/2-1/2

[Event "Vellmar op 9th"]
[Site "Vellmar"]
[Date "2017.07.15"]
[Round "4"]
[White "Buese, Ralf"]
[Black "Fischer, Andreas"]
[Result "1/2-1/2"]
[WhiteElo "1900"]
[BlackElo "1811"]
[PlyCount "43"]
[EventDate "2017.07.13"]
[EventType "swiss"]
[EventRounds "7"]
[EventCountry "GER"]
[SourceTitle "CBM 179 Extra"]
[Source "ChessBase"]
[SourceDate "2017.08.23"]
[SourceVersion "1"]
[SourceVersionDate "2017.08.23"]
[SourceQuality "1"]

1. d4 d6 2. Bf4 Nf6 3. e3 g6 4. h3 Bg7 5. Nf3 0-0 6. c4 c5 7. Be2 Nc6 8. d5 Nb4 9. a3 Qa5 10. Nbd2 Na6 11. 0-0 Nh5 12. Bg5 Re8 13. Rb1 Nf6 14. e4 Nd7 15. Nb3 Qd8 16. Nc1 Nc7 17. b4 a6 18. Nd3 b5 19. bxc5 dxc5 20. d6 Ne6 21. Bxe7 Qa5 22. Nc1 1/2-1/2

[Event "Vellmar op 9th"]
[Site "Vellmar"]
[Date "2017.07.15"]
[Round "5"]
[White "Buese, Ralf"]
[Black "Stoeber, Alexander"]
[Result "1/2-1/2"]
[WhiteElo "1900"]
[BlackElo "2092"]
[PlyCount "27"]
[EventDate "2017.07.13"]
[EventType "swiss"]
[EventRounds "7"]
[EventCountry "GER"]
[SourceTitle "CBM 179 Extra"]
[Source "ChessBase"]
[SourceDate "2017.08.23"]
[SourceVersion "1"]
[SourceVersionDate "2017.08.23"]
[SourceQuality "1"]

1. d4 Nf6 2. Bf4 d6 3. e3 Nbd7 4. Nf3 g6 5. h3 Bg7 6. Be2 0-0 7. 0-0 Re8 8. Bh2 c6 9. c4 e5 10. dxe5 dxe5 11. Nxe5 Qb6 12. Nd3 Ne4 13. Nd2 Ndc5 14. Nxe4 1/2-1/2

[Event "Heusenstamm Sparkassen op-A 3rd"]
[Site "Heusenstamm"]
[Date "2016.11.27"]
[Round "5"]
[White "Zweschper, Erich"]
[Black "Buese, Ralf"]
[Result "1-0"]
[WhiteElo "2036"]
[BlackElo "1898"]
[PlyCount "43"]
[EventDate "2016.11.24"]
[EventType "swiss"]
[EventRounds "7"]
[EventCountry "GER"]
[SourceTitle "EXT 2018"]
[Source "ChessBase"]
[SourceDate "2017.10.13"]
[SourceVersion "1"]
[SourceVersionDate "2017.10.13"]
[SourceQuality "1"]

1. d4 Nf6 2. c4 g6 3. f3 Bg7 4. e4 d6 5. Be3 0-0 6. Nc3 b6 7. Bd3 a6 8. Nge2 c5 9. Qd2 Nc6 10. Rd1 e5 11. dxe5 dxe5 12. Bg5 Nd4 13. 0-0 Qd6 14. Qe1 Nh5 15. g4 Nf4 16. Nxf4 exf4 17. Nd5 Re8 18. Bxf4 Qc6 19. Nc7 Be6 20. Nxa8 Rxa8 21. Qg3 b5 22. Rfe1 1-0

[Event "Korbach op 8th"]
[Site "Korbach"]
[Date "2016.10.23"]
[Round "6"]
[White "Buese, Ralf"]
[Black "Maiwald, Harald"]
[Result "1/2-1/2"]
[WhiteElo "1881"]
[BlackElo "2095"]
[PlyCount "94"]
[EventDate "2016.10.20"]
[EventType "swiss"]
[EventRounds "7"]
[EventCountry "GER"]
[SourceTitle "CBM 175 Extra"]
[Source "ChessBase"]
[SourceDate "2016.12.12"]
[SourceVersion "1"]
[SourceVersionDate "2016.12.12"]
[SourceQuality "1"]

1. d4 Nf6 2. Bf4 g6 3. e3 Bg7 4. Nf3 0-0 5. h3 d6 6. c4 Nbd7 7. Nc3 c6 8. Be2 Qe8 9. 0-0 e5 10. Bh2 Qe7 11. Rc1 e4 12. Ne1 Re8 13. b4 a5 14. a3 axb4 15. axb4 Nb6 16. b5 Be6 17. Bxd6 Qxd6 18. c5 Qc7 19. cxb6 Qxb6 20. Na4 Qa5 21. Nc5 cxb5 22. Nxb7 Qb6 23. Nc5 Bf8 24. Rb1 b4 25. Nxe6 Qxe6 26. Nc2 Reb8 27. Na1 Qa2 28. Rb3 Rc8 29. Bg4 Rc7 30. Rb1 Nd5 31. Qb3 Rc3 32. Qxa2 Rxa2 33. Bd1 Nb6 34. Nb3 Nc4 35. Re1 Nb2 36. Nc1 Rxc1 37. Rxc1 Nd3 38. Bb3 Ra3 39. Bd5 b3 40. Red1 Nxc1 41. Rxc1 b2 42. Rb1 Ra1 43. Bxe4 f5 44. Bc2 Kf7 45. Kf1 Ke6 46. Ke2 Rxb1 47. Bxb1 Bb4 1/2-1/2

[Event "Wiesbaden op 28th"]
[Site "Wiesbaden"]
[Date "2016.08.28"]
[Round "6"]
[White "Buese, Ralf"]
[Black "Bratmann, Marc"]
[Result "1/2-1/2"]
[WhiteElo "1911"]
[BlackElo "1755"]
[PlyCount "63"]
[EventDate "2016.08.25"]
[EventType "swiss"]
[EventRounds "7"]
[EventCountry "GER"]
[SourceTitle "CBM 174 Extra"]
[Source "ChessBase"]
[SourceDate "2016.10.10"]
[SourceVersion "1"]
[SourceVersionDate "2016.10.10"]
[SourceQuality "1"]

1. d4 d5 2. Bf4 c5 3. e3 Nc6 4. c3 Nf6 5. Nd2 Qb6 6. Qb3 Bf5 7. dxc5 Qxb3 8. axb3 e5 9. Bg3 Bxc5 10. b4 Bd6 11. b5 Ne7 12. Ngf3 Ng6 13. Be2 0-0 14. 0-0 Rfe8 15. Rfd1 Bc5 16. Nb3 Bb6 17. Rd2 Ne4 18. Rxd5 Nxg3 19. hxg3 Be6 20. e4 Bxd5 21. exd5 e4 22. Nfd4 Ne5 23. c4 Nd7 24. Rc1 Bxd4 25. Nxd4 Nb6 26. d6 Red8 27. c5 Nd7 28. c6 bxc6 29. bxc6 Nb6 30. Nf5 g6 31. c7 gxf5 32. cxd8Q+ 1/2-1/2

[Event "Heusenstamm Sparkassen op-A 2nd"]
[Site "Heusenstamm"]
[Date "2015.11.29"]
[Round "6"]
[White "Berkes, Joerg"]
[Black "Buese, Ralf"]
[Result "1-0"]
[WhiteElo "1789"]
[BlackElo "1962"]
[PlyCount "61"]
[EventDate "2015.11.26"]
[EventType "swiss"]
[EventRounds "7"]
[EventCountry "GER"]
[SourceTitle "EXT 2018"]
[Source "ChessBase"]
[SourceDate "2017.10.13"]
[SourceVersion "1"]
[SourceVersionDate "2017.10.13"]
[SourceQuality "1"]

1. Nf3 Nf6 2. g3 g6 3. Bg2 Bg7 4. 0-0 d6 5. d3 0-0 6. e4 c5 7. c3 Nc6 8. Re1 e5 9. Nbd2 h6 10. Nh4 d5 11. exd5 Nxd5 12. Qb3 Nce7 13. Nc4 Qc7 14. Nxe5 Be6 15. c4 Bxe5 16. cxd5 Bc8 17. Bxh6 Re8 18. Nf3 Bg7 19. Bf4 Qd8 20. d6 Nf5 21. Ng5 Rf8 22. Bd5 Nd4 23. Bxf7+ Kh8 24. Qd5 Bg4 25. Bxg6 Qf6 26. Nf7+ Rxf7 27. Qxf7 Nf3+ 28. Kg2 Nxe1+ 29. Rxe1 Qxf7 30. Bxf7 Bxb2 31. Rb1 1-0

[Event "Heusenstamm Sparkassen op-A 2nd"]
[Site "Heusenstamm"]
[Date "2015.11.28"]
[Round "5"]
[White "Buese, Ralf"]
[Black "Klundt, Klaus"]
[Result "0-1"]
[WhiteElo "1962"]
[BlackElo "2320"]
[PlyCount "78"]
[EventDate "2015.11.26"]
[EventType "swiss"]
[EventRounds "7"]
[EventCountry "GER"]
[SourceTitle "EXT 2018"]
[Source "ChessBase"]
[SourceDate "2017.10.13"]
[SourceVersion "1"]
[SourceVersionDate "2017.10.13"]
[SourceQuality "1"]

1. d4 Nf6 2. Bf4 d5 3. e3 c5 4. c3 Nc6 5. Nf3 Qb6 6. Qb3 c4 7. Qc2 Bf5 8. Qc1 e6 9. h3 h6 10. Nbd2 Be7 11. b3 cxb3 12. axb3 0-0 13. Be2 Rfc8 14. 0-0 Nb4 15. Ne1 Ne4 16. c4 Qd8 17. Nxe4 Bxe4 18. Qd2 a5 19. Bh2 b6 20. f3 Bg6 21. f4 Qd7 22. Nf3 f6 23. Rfc1 Be4 24. Ne1 Bd6 25. Nd3 Qb7 26. Bf1 Rc7 27. Nf2 Bg6 28. g4 Rac8 29. Bg2 Qb8 30. e4 dxc4 31. bxc4 Rxc4 32. Rxc4 Rxc4 33. e5 Rc2 34. Qd1 fxe5 35. fxe5 Be7 36. d5 Bc5 37. d6 Rxf2 38. Kh1 Bc2 39. d7 Be7 0-1